[Event "Escacs 153"]
[Site "http://www.queenalice.com/game.php?id=1842113"]
[Date "2024.8.18"]
[Round "-"]
[White "alterego"]
[Black "Rocio"]
[Result "1-0"]
[WhiteElo "1565"]
[BlackElo "1469"]

1. d4 d5 2. c4 Nf6 3. c5 Bg4 4. Nc3 Nc6 5. g3 a6 6. Bg2 Na5 7. Nf3 Nc4 8. b3 Na5
9. O-O Nc6 10. Bf4 b6 11. Na4 bxc5 12. Nxc5 Rb8 13. Nxa6 Rb6 14. Nc5 e6 15. Ne5
Qe7 16. Na4 Ra6 17. Nxg4 Nh5 18. Qd3 Nb4 19. Qb5+ Rc6 20. Qb8+ Kd7 21. Nc5+ Rxc5
22. dxc5 e5 23. Be3 Nc6 24. Qb5 Qe6 25. Qd3 Nb4 26. Qb5+ Nc6 27. Rad1 Be7 28.
Bxd5 Qxg4 29. Be6+ Kxe6 30. Qxc6+ Kf5 31. Qd7+ Kg6 32. Qxg4+ Kf6 33. Qg5+ Ke6
34. Qxh5 g6 35. Qg4+ f5 36. Qc4+ Kf6 37. Qa6+ Kg7 38. Qe6 Re8 39. Qxe5+ Kf8 40.
Bh6+ Kf7 41. Rd7 g5 42. Qg7+ Ke6 43. Rxc7 Rf8 44. Qxe7+ Kd5 45. Rd1# 1-0

[Event "Escacs 154"]
[Site "http://www.queenalice.com/game.php?id=1842114"]
[Date "2024.8.18"]
[Round "-"]
[White "Rocio"]
[Black "alterego"]
[Result "0-1"]
[WhiteElo "1446"]
[BlackElo "1577"]

1. e4 g6 2. a3 Bg7 3. h3 a6 4. Bc4 e6 5. Nf3 b5 6. Bb3 Ne7 7. d4 Bb7 8. Be3 Bxe4
9. Nfd2 Bxg2 10. Rg1 Bxh3 11. Nc3 O-O 12. Qf3 Bf5 13. O-O-O Nbc6 14. Qh1 d5 15.
Bh6 Bxh6 16. f4 Bg7 17. Nf3 Na5 18. Ng5 h5 19. Ne2 Nxb3+ 20. cxb3 Qd6 21. Ng3
Qxf4+ 22. Rd2 Qxg5 23. Rg2 Qe3 24. Nf1 Qf4 25. Ng3 Bh6 26. Qe1 Qf3 27. Nxf5 Nxf5
28. Rf2 Qxb3 29. Re2 Bxd2+ 30. Rxd2 Nd6 31. Rc2 Nc4 32. Kd1 Ne3+ 33. Ke2 Nxc2
34. Qd2 Qc4+ 35. Kd1 Nxd4 36. Ke1 Nf3+ 37. Kd1 Nxd2 38. Kxd2 Qb3 39. Kc1 a5 40.
Kd2 b4 41. a4 Qxb2+ 42. Kd3 Ra6 43. Ke3 d4+ 44. Kd3 Rc6 45. Ke4 Rd6 46. Kd3 Rd5
47. Ke4 f5+ 48. Kd3 Re5 49. Kc4 Rd8 50. Kd3 Qc3# 0-1

[Event "Let's Play 775"]
[Site "http://www.queenalice.com/game.php?id=1842115"]
[Date "2024.8.20"]
[Round "-"]
[White "digger"]
[Black "alterego"]
[Result "1/2-1/2"]
[WhiteElo "1643"]
[BlackElo "1575"]

1. e4 g6 2. d4 Bg7 3. Bc4 e6 4. c3 Ne7 5. Bg5 a6 6. Nf3 b5 7. Be2 Nbc6 8. O-O
O-O 9. b3 Bb7 10. a3 f6 11. Be3 f5 12. exf5 Nxf5 13. Bf4 Nce7 14. a4 Nd5 15. Bg5
Bf6 16. Bd2 d6 17. c4 Nde7 18. Bc3 d5 19. cxd5 Nxd5 20. Ba5 Nxd4 21. Nxd4 Nf4
22. Bc3 Bxg2 23. Re1 e5 24. Qd2 Bb7 25. Nf3 Nxe2+ 26. Rxe2 Qxd2 27. Nbxd2 c5 28.
Rb1 b4 29. Ba1 a5 30. Ne1 Ba6 31. Re4 Rad8 32. Nc4 Bc8 33. Rc1 Bf5 34. Re2 Bg5
35. Bb2 e4 36. Rcc2 e3 37. fxe3 Bxc2 38. Nxc2 Rd1+ 39. Kg2 h5 40. h3 Bh4 41. Ne5
Kh7 42. e4 Bf6 43. Ne3 Rdd8 44. Nf3 Bxb2 45. Rxb2 Rfe8 46. e5 Rd3 47. Nf1 Rf8
48. Ne1 Rd1 49. Re2 Rf5 50. e6 Rg5+ 51. Kh2 Rf5 52. Ng3 Rf8 53. e7 Re8 54. Nf3
Rd3 55. Nd2 h4 56. Ngf1 Kh6 57. Re5 Rc3 58. Ne3 Rd3 59. Ndc4 Rxb3 60. Nxa5 Rb2+
61. Kg1 Ra2 62. Nc6 Rxa4 63. Rxc5 b3 64. Rb5 Ra1+ 65. Kf2 Ra6 66. Nb4 Rf6+ 67.
Ke2 Rxe7 68. Nd5 Re5 69. Rxb3 Rfe6 70. Kd3 Rg5 71. Kd4 Rg3 72. Ng4+ Kh5 73. Rxg3
hxg3 74. Nge3 g5 75. Ng2 Re2 76. Ndf4+ gxf4 77. Nxf4+ Kh4 78. Nxe2 g2 79. Ng1
Kg3 80. Ke3 Kh2 81. Nf3+ Kxh3 82. Kf2 Kg4 1/2-1/2

[Event "Let's Play 776"]
[Site "http://www.queenalice.com/game.php?id=1842116"]
[Date "2024.8.20"]
[Round "-"]
[White "alterego"]
[Black "digger"]
[Result "1-0"]
[WhiteElo "1588"]
[BlackElo "1654"]

1. d4 d5 2. c4 dxc4 3. g3 Nc6 4. Bg2 Nxd4 5. Nf3 c5 6. Nc3 Nxf3+ 7. Bxf3 e5 8.
Qxd8+ Kxd8 9. O-O Nf6 10. Bg5 Be7 11. Nd5 Bh3 12. Rfd1 Ke8 13. Nc7+ Kf8 14. Nxa8
h6 15. Bd2 e4 16. Bh1 g5 17. Nc7 Kg7 18. Bc3 Bd8 19. Nd5 Bg4 20. f3 exf3 21.
exf3 Be6 22. Nxf6 Bxf6 23. Bxf6+ Kxf6 24. Rd6 Ke7 25. Rad1 Kf6 26. f4 gxf4 27.
Rf1 Ke7 28. Rfd1 fxg3 29. Bxb7 gxh2+ 30. Kh1 Bf5 31. R6d5 Bd3 32. Rxc5 h5 33.
Ba6 Rh6 34. Bxc4 Bc2 35. Re1+ Kf8 36. Rc8+ Kg7 37. Re7 Rf6 38. Be2 h4 39. Rxc2
Kf8 40. Rxa7 Rf2 41. Rc8+ Kg7 42. Bc4 Kg6 43. Bxf7+ Rxf7 44. Rxf7 Kxf7 45. Kxh2
Kg6 46. Kh3 Kg5 47. b4 Kf5 48. b5 Kg5 49. b6 Kh5 50. b7 Kg5 51. b8=Q Kh5 52. Qb4
Kg5 53. Rf8 Kg6 54. Qg4+ Kh7 55. Kxh4 Kh6 56. Rh8# 1-0

[Event "Let's Play Chess!"]
[Site "http://www.queenalice.com/game.php?id=1843261"]
[Date "2024.9.7"]
[Round "-"]
[White "Charles56"]
[Black "alterego"]
[Result "1/2-1/2"]
[WhiteElo "1722"]
[BlackElo "1569"]

1. Nc3 g6 2. e4 a6 3. d4 b5 4. a3 Bg7 5. e5 e6 6. Nh3 Ne7 7. Bg5 O-O 8. Qd2 Bb7
9. Bh6 Nf5 10. Bxg7 Kxg7 11. g4 Bxh1 12. gxf5 exf5 13. Qe3 Bb7 14. Bd3 d6 15. f4
Qh4+ 16. Qg3 Qxg3+ 17. hxg3 Bf3 18. Kd2 dxe5 19. fxe5 Nc6 20. Ke3 Bg4 21. Rh1
Rad8 22. Nf2 Nxd4 23. Nxg4 fxg4 24. Kf4 f5 25. Re1 Ne6+ 26. Ke3 Nc5 27. Ne2 Nxd3
28. cxd3 Rd5 29. d4 c5 30. dxc5 Rxe5+ 31. Kf2 Rxc5 32. Nd4 Rd5 33. Ne6+ Kf7 34.
Nxf8 Kxf8 35. Re6 Rd2+ 36. Re2 Rd3 37. Rc2 Rf3+ 38. Kg2 g5 39. Rc6 a5 40. Rc5
Rb3 41. Rxf5+ Kg7 42. Rxg5+ Kh6 43. Rxg4 Rxb2+ 44. Kh3 Kh5 45. Rh4+ Kg6 46. Rg4+
Kh6 47. Rh4+ Kg7 48. Rg4+ Kh8 49. Rg5 a4 50. Rc5 b4 51. axb4 Rxb4 52. Rc7 a3 53.
Ra7 Rb3 54. Kh4 h5 55. g4 hxg4 56. Kxg4 Rb4+ 1/2-1/2

[Event "zebra - 1"]
[Site "http://www.queenalice.com/game.php?id=1843294"]
[Date "2024.9.8"]
[Round "-"]
[White "alterego"]
[Black "zubarev"]
[Result "0-1"]
[WhiteElo "1578"]
[BlackElo "1582"]

1. d4 d5 2. c4 Nf6 3. c5 e6 4. g3 Be7 5. Bg2 O-O 6. Nf3 Bd7 7. b4 Ne4 8. O-O f5
9. Nbd2 Bb5 10. a4 Nc6 11. axb5 Nb8 12. Ne5 Nd7 13. Nxd7 Qxd7 14. Nxe4 fxe4 15.
Bf4 Qxb5 16. Bxc7 Qxb4 17. Ra4 Qb5 18. Ra5 Qc6 19. Be5 b6 20. Ra6 Qb5 21. Ra3
bxc5 22. Bh3 Qc6 23. f3 cxd4 24. fxe4 Bxa3 25. Rxf8+ Rxf8 26. Qxd4 Bc5 27. Bxe6+
Qxe6 28. Qxc5 Qxe5 29. Qe3 d4 30. Qb3+ Kh8 31. Qd3 Re8 32. e3 Qxe4 33. Qe2 Qxe3+
34. Qxe3 Rxe3 0-1

[Event "teajjam 17:48"]
[Site "http://www.queenalice.com/game.php?id=1843657"]
[Date "2024.9.13"]
[Round "-"]
[White "zubarev"]
[Black "alterego"]
[Result "1-0"]
[WhiteElo "1593"]
[BlackElo "1562"]

1. d4 g6 2. e4 Bg7 3. Nc3 a6 4. f3 e6 5. Bd3 Ne7 6. Nge2 b5 7. O-O Nbc6 8. f4
Bb7 9. Ng3 Nxd4 10. e5 O-O 11. Nce4 d5 12. Nf2 c5 13. c3 Ndf5 14. Nxf5 Nxf5 15.
Bxf5 exf5 16. Be3 d4 17. cxd4 c4 18. Nh3 Be4 19. Ng5 Bd5 20. Nf3 f6 21. a4 fxe5
22. dxe5 Ra7 23. Bxa7 Qd7 24. Bc5 Rc8 25. Bd4 Bxf3 26. Rxf3 Qe7 27. Qe2 Rd8 28.
Rd1 Qb7 29. Bc3 Qb6+ 30. Kh1 Rc8 31. a5 Qb7 32. Rd6 Bf8 33. Qd2 Kg7 34. Rd7+ 1-0

[Event "12 Set 2024 17:49"]
[Site "http://www.queenalice.com/game.php?id=1843658"]
[Date "2024.9.13"]
[Round "-"]
[White "zubarev"]
[Black "alterego"]
[Result "1-0"]
[WhiteElo "1531"]
[BlackElo "1587"]

1. d4 g6 2. e4 Bg7 3. Nc3 a6 4. Nf3 b5 5. a3 Nc6 6. Be2 Bb7 7. O-O e6 8. Bf4
Nge7 9. Qd2 O-O 10. Rad1 d5 11. exd5 Nxd5 12. Ne5 Nxf4 13. Qxf4 Nxe5 14. dxe5
Qe7 15. Ne4 f5 16. Ng3 h5 17. Bf3 Bxf3 18. gxf3 Kf7 19. Rd3 Rh8 20. Rfd1 Bh6 21.
Qb4 Qxb4 22. axb4 Bf4 23. Rd7+ Kg8 24. Rxc7 Bg5 25. Rdd7 Rh7 26. Rxh7 Kf8 27.
Rh8# 1-0

[Event "Bia vomitou 07:13"]
[Site "http://www.queenalice.com/game.php?id=1843771"]
[Date "2024.9.15"]
[Round "-"]
[White "zubarev"]
[Black "alterego"]
[Result "1-0"]
[WhiteElo "1511"]
[BlackElo "1607"]

1. d4 g6 2. e4 Bg7 3. Nf3 a6 4. Bd3 b5 5. O-O Nc6 6. Be3 e6 7. Qd2 Nge7 8. c3
O-O 9. Bh6 Bxh6 10. Qxh6 Kh8 11. Ng5 Ng8 12. Qxh7# 1-0

[Event "Bia sei não..."]
[Site "http://www.queenalice.com/game.php?id=1843928"]
[Date "2024.9.18"]
[Round "-"]
[White "zubarev"]
[Black "alterego"]
[Result "1-0"]
[WhiteElo "1838"]
[BlackElo "1574"]

1. e4 g6 2. d4 Bg7 3. Nf3 a6 4. Bd3 b5 5. O-O e6 6. c3 Ne7 7. Be3 O-O 8. Nbd2
Bb7 9. Qc1 Nbc6 10. e5 f5 11. Nb3 Nd5 12. Nc5 Nxe3 13. Qxe3 Bc8 14. a3 Na5 15.
Qe2 d6 16. b4 dxc5 17. bxa5 c4 18. Bc2 c6 19. Ne1 Qxa5 20. f4 Qxc3 21. Nf3 Qa5
22. Nd2 Qb6 23. a4 Bb7 24. Nf3 Bh6 25. Qd2 Rad8 26. a5 Qa7 27. Rad1 b4 28. Qxb4
Bxf4 29. Rb1 Rd5 30. Qxb7 Qxb7 31. Rxb7 Rxa5 32. Ng5 Bxg5 33. Rb6 Be3+ 34. Kh1
Ra2 35. Bd1 Bxd4 36. Rxc6 Bxe5 37. Rxc4 Kg7 38. Rc6 Kf6 39. Bb3 Rb2 40. Rxe6+
Kg5 41. Bc4 Rb4 42. Bxa6 Bb8 43. Be2 Rh4 44. h3 Rd8 45. Rf3 Rd2 46. Bf1 Ra4 47.
Rb6 Ba7 48. Rb7 Ra1 49. Kh2 h5 50. Rg7 Bb8+ 51. Kg1 Rxg2+ 52. Kxg2 Kh6 53. Rg8
Be5 54. Rb3 Kg5 55. Rb6 Ra2+ 56. Kf3 Rh2 57. Rgxg6+ Kh4 58. Rb5 Bc7 59. Rxf5 Bb8
60. Rg8 Ba7 61. Rh8 Rf2+ 62. Ke4 Rxf5 63. Kxf5 1-0

[Event "Ju Cassini 19:32"]
[Site "http://www.queenalice.com/game.php?id=1844096"]
[Date "2024.9.22"]
[Round "-"]
[White "alterego"]
[Black "zubarev"]
[Result "1-0"]
[WhiteElo "1559"]
[BlackElo "1794"]

1. d4 d5 2. c4 dxc4 3. g3 e6 4. Bg2 Nc6 5. Nf3 Be7 6. Nc3 Nf6 7. Bf4 O-O 8. O-O
Nd5 9. Nxd5 exd5 10. Qc2 Be6 11. b3 Bf6 12. bxc4 Nxd4 13. Nxd4 Bxd4 14. Rad1 Bf6
15. cxd5 Bd7 16. e4 Qc8 17. Qb3 b6 18. Rc1 c6 19. e5 Bd8 20. e6 Be8 21. Bd6 f6
22. Bxf8 Kxf8 23. dxc6 Bc7 24. Qb4+ Kg8 25. Qb3 Kf8 26. Bd5 Qd8 27. Rce1 Ke7 28.
Qb4+ Bd6 29. Qh4 Rc8 30. Qxh7 Bxc6 31. Qxg7+ 1-0

[Event "GUERRA NÃO!!! 20:53"]
[Site "http://www.queenalice.com/game.php?id=1844355"]
[Date "2024.9.27"]
[Round "-"]
[White "zubarev"]
[Black "alterego"]
[Result "1-0"]
[WhiteElo "1811"]
[BlackElo "1565"]

1. d4 g6 2. e4 Bg7 3. Nf3 a6 4. Be3 b5 5. Bd3 e6 6. Nbd2 Ne7 7. O-O Bb7 8. Nb3
Nbc6 9. c3 O-O 10. Qd2 d5 11. e5 f5 12. Bh6 Rf7 13. Bxg7 Rxg7 14. Ng5 Qd7 15.
Nc5 Qc8 16. Ngxe6 Rb8 17. Nxg7 Kxg7 18. f4 Ba8 19. Rae1 Na5 20. Qf2 Nc4 21. b3
Na3 22. Qh4 Qf8 23. Ne6+ 1-0

[Event "Let's Play Chess!"]
[Site "http://www.queenalice.com/game.php?id=1844451"]
[Date "2024.9.30"]
[Round "-"]
[White "alterego"]
[Black "Charles56"]
[Result "0-1"]
[WhiteElo "1584"]
[BlackElo "1741"]

1. d4 d5 2. c4 dxc4 3. Nc3 c6 4. g3 b5 5. Bg2 Bg4 6. Nf3 h6 7. O-O Nf6 8. Bf4 e6
9. Ne5 Bf5 10. d5 a6 11. dxc6 Bd6 12. c7 Qxc7 13. Bxa8 Bxe5 14. Bxe5 Qxe5 15. f4
Qc5+ 16. Rf2 Ng4 17. Bc6+ Qxc6 18. Rf3 Qc5+ 19. e3 Nxe3 20. Qd2 Nc2+ 0-1

[Event "Challenge"]
[Site "http://www.queenalice.com/game.php?id=1844501"]
[Date "2024.9.29"]
[Round "-"]
[White "Mr_SPOCK"]
[Black "alterego"]
[Result "1-0"]
[WhiteElo "1742"]
[BlackElo "1596"]

1. e4 g6 2. e5 e6 3. d4 Ne7 4. Bg5 Bg7 5. Nf3 a6 6. Nc3 b5 7. Bd3 Bb7 8. Qe2 d5
9. exd6 cxd6 10. O-O-O O-O 11. h4 Qc7 12. Be4 Bxe4 13. Nxe4 Nd5 14. g4 Nb4 15.
Nc3 N8c6 16. h5 Nd5 17. h6 Nxc3 18. bxc3 Bh8 19. Kb2 Na5 20. Nh4 Nc4+ 21. Ka1
Na3 22. Kb2 Nc4+ 23. Kc1 Qa5 24. Kb1 Qxc3 25. Bc1 d5 26. Rd3 Qb4+ 27. Rb3 Na5
28. Rxb4 Nc6 29. Rb2 Nxd4 30. Qd3 Nc6 31. g5 Bxb2 32. Bxb2 Ne5 33. Qd4 Rac8 34.
Qxe5 f6 35. Qxe6+ Kh8 36. Bxf6+ 1-0

[Event "Challenge"]
[Site "http://www.queenalice.com/game.php?id=1844531"]
[Date "2024.10.1"]
[Round "-"]
[White "Leanne"]
[Black "alterego"]
[Result "0-1"]
[WhiteElo "1289"]
[BlackElo "1569"]

1. d4 g6 2. e3 Bg7 3. Nf3 a6 4. Be2 b5 5. O-O Nc6 6. c4 Nf6 7. d5 Na5 8. Nc3
Nxc4 9. Bxc4 bxc4 10. Qe2 Bb7 11. Qxc4 O-O 12. e4 Ng4 13. Qe2 d6 14. Bd2 c5 15.
dxc6 Bxc6 16. Ng5 Ne5 17. Rae1 f6 18. Ne6 Bb5 19. Nxd8 Bxe2 20. Nxe2 Raxd8 21.
b4 Nd3 22. Rb1 Rc8 23. b5 Rc2 24. Nf4 Rxd2 25. Nxd3 Rxd3 26. bxa6 Ra3 27. Rb7
Rxa6 28. Rxe7 Rxa2 29. Re6 Rd8 30. f4 Kf7 31. f5 Re2 32. fxg6+ Kxe6 33. gxh7
Rxe4 34. h3 f5 35. Rf3 Bd4+ 36. Kf1 Rh8 37. g4 fxg4 38. hxg4 Rxg4 0-1

[Event "Will it Drive Home? 13:41"]
[Site "http://www.queenalice.com/game.php?id=1844905"]
[Date "2024.10.7"]
[Round "-"]
[White "zubarev"]
[Black "alterego"]
[Result "1-0"]
[WhiteElo "1920"]
[BlackElo "1599"]

1. d4 g6 2. e4 Bg7 3. Nf3 a6 4. Be3 b5 5. Bd3 Nf6 6. c3 Nc6 7. Nbd2 Bb7 8. O-O
O-O 9. Nb3 d5 10. e5 Ng4 11. Nc5 Bc8 12. Qd2 Nxe3 13. fxe3 Bg4 14. h3 Bh5 15. e4
e6 16. a4 Na5 17. b4 Nc4 18. Bxc4 bxc4 19. Nb7 Qe7 20. Nc5 c6 21. Nh2 Qh4 22.
Qf4 Qxf4 23. Rxf4 Bh6 24. Rff1 Be3+ 25. Kh1 Bd2 26. Ra3 f5 27. Nxe6 Rfe8 28. Nc7
fxe4 29. Nxa8 Rxa8 30. Rf6 a5 31. bxa5 Bg5 32. Rxc6 Bc1 33. Ra1 Bb2 34. Rb1 Bxc3
35. Rb7 Rf8 36. Rcc7 e3 37. Rg7+ 1-0

[Event "As tres rendeiras do universo"]
[Site "http://www.queenalice.com/game.php?id=1844998"]
[Date "2024.10.9"]
[Round "-"]
[White "zubarev"]
[Black "alterego"]
[Result "1-0"]
[WhiteElo "1856"]
[BlackElo "1574"]

1. d4 g6 2. e4 Bg7 3. Nc3 a6 4. Be3 b5 5. Nf3 Bb7 6. Qd2 Nf6 7. Bd3 Ng4 8. a3
Nxe3 9. Qxe3 O-O 10. O-O d6 11. Ne1 Nc6 12. Nf3 e5 13. dxe5 dxe5 14. Rad1 Ne7
15. Bxb5 axb5 16. Rxd8 Raxd8 17. Nxb5 Rc8 18. Re1 Ba6 19. Qc5 c6 20. Na7 Rc7 21.
a4 Nc8 22. Nxc8 Bxc8 23. Nxe5 f6 24. Nxc6 Bd7 25. Ne7+ 1-0

[Event "Experiencia Mental 16:32"]
[Site "http://www.queenalice.com/game.php?id=1845189"]
[Date "2024.10.12"]
[Round "-"]
[White "zubarev"]
[Black "alterego"]
[Result "1-0"]
[WhiteElo "1898"]
[BlackElo "1586"]

1. d4 g6 2. e4 Bg7 3. Nf3 a6 4. Be3 b5 5. Bd3 e6 6. Qd2 Ne7 7. Bh6 O-O 8. Bxg7
Kxg7 9. O-O Nbc6 10. c4 Nxd4 11. Nxd4 c5 12. Nf3 b4 13. a3 b3 14. Qc3+ Kg8 15.
h3 Qb6 16. Nbd2 Nc6 17. Qxb3 Qa5 18. Rad1 d5 19. exd5 Rb8 20. Qc2 exd5 21. cxd5
Ne7 22. Bc4 Bf5 23. Qc1 Qb6 24. Nh4 Bd7 25. Ne4 a5 26. Nf6+ Qxf6 27. Nf3 Ba4 28.
Rd2 Nf5 29. Bd3 Kg7 30. Qxc5 Ra8 31. Re1 Bb3 32. Be4 Rac8 33. Qxa5 Nd6 34. Qb6
Nxe4 35. Qxf6+ Nxf6 36. d6 Rfd8 37. Ne5 Nd5 38. Rd3 Bc2 39. Rxd5 Bb3 40. Rd3 Rb8
41. Nc6 Rbc8 42. Nxd8 Rxd8 43. Rxb3 Rxd6 44. Kf1 1-0

[Event "Trains,Tractors & More-TTM"]
[Site "http://www.queenalice.com/game.php?id=1845190"]
[Date "2024.10.12"]
[Round "-"]
[White "alterego"]
[Black "zubarev"]
[Result "1-0"]
[WhiteElo "1569"]
[BlackElo "1950"]

1. d4 d5 2. c4 Nf6 3. c5 e6 4. g3 Be7 5. Bg2 Nc6 6. a3 e5 7. Nf3 e4 8. Ng5 O-O
9. b4 Bd7 10. Nc3 h6 11. Nh3 Qc8 12. Bf4 Bxh3 13. O-O Bxg2 14. Kxg2 Nh5 15. Be3
f5 16. Nxd5 Bd8 17. Qb3 Kh7 18. Nf4 Nf6 19. Ne6 Re8 20. Nf4 g6 21. Qf7+ 1-0

[Event "Let's Play 780"]
[Site "http://www.queenalice.com/game.php?id=1845484"]
[Date "2024.10.15"]
[Round "-"]
[White "digger"]
[Black "alterego"]
[Result "1-0"]
[WhiteElo "1662"]
[BlackElo "1582"]

1. e4 g6 2. d4 Bg7 3. Bc4 e6 4. Qf3 Ne7 5. Ne2 a6 6. O-O b5 7. Bd3 O-O 8. Bg5
Nbc6 9. c3 Bb7 10. d5 Ne5 11. Qe3 Nxd3 12. Qxd3 Qe8 13. dxe6 dxe6 14. Nd2 Rd8
15. Qc2 c5 16. c4 b4 17. Nb3 f6 18. Nxc5 Bc6 19. Be3 a5 20. Nxe6 Ba4 21. b3 Bc6
22. Nxd8 Qxd8 23. Nf4 f5 24. Ne6 1-0

[Event "Let's Play 781"]
[Site "http://www.queenalice.com/game.php?id=1845485"]
[Date "2024.10.15"]
[Round "-"]
[White "alterego"]
[Black "digger"]
[Result "0-1"]
[WhiteElo "1569"]
[BlackElo "1645"]

1. d4 d5 2. c4 Nf6 3. c5 c6 4. g3 Qc7 5. Bg2 Bf5 6. Nf3 Be4 7. Nc3 Qa5 8. O-O e6
9. Nxe4 dxe4 10. Bd2 Qc7 11. Ne5 Be7 12. f3 exf3 13. exf3 O-O 14. Qc2 h6 15. f4
b6 16. b4 Rd8 17. Bc3 a5 18. cxb6 Qxb6 19. a3 axb4 20. Nc4 Qb5 21. Ne5 bxc3 22.
Qxc3 Ra4 23. Bxc6 Nxc6 24. Nxc6 Rd7 25. Ne5 Rdxd4 26. Rab1 Qd5 27. Nc6 Bf8 28.
Nxd4 Rxd4 29. h4 Ne4 30. Qf3 Rd3 31. Qg4 Nd2 0-1

[Event "Let's Play 785"]
[Site "http://www.queenalice.com/game.php?id=1845741"]
[Date "2024.10.23"]
[Round "-"]
[White "digger"]
[Black "alterego"]
[Result "1-0"]
[WhiteElo "1681"]
[BlackElo "1570"]

1. d4 g6 2. e4 Bg7 3. d5 d6 4. c3 a6 5. Be3 b5 6. Qb3 Nf6 7. Bd3 O-O 8. Nf3 Bb7
9. O-O Nbd7 10. Qc2 Ng4 11. Be2 Nxe3 12. fxe3 c5 13. dxc6 Bxc6 14. Nbd2 Ne5 15.
Nxe5 Bxe5 16. g3 e6 17. Rad1 Qg5 18. Rf3 Qg4 19. Nf1 Bxe4 20. Qd2 Bxf3 21. Bxf3
Qxf3 22. Re1 Rac8 23. Qd3 d5 24. Nd2 Qg4 25. Rf1 f5 26. Rf3 d4 27. exd4 Bd6 28.
Qe3 f4 29. Qf2 fxg3 30. hxg3 Bxg3 31. Qxg3 Qxg3+ 32. Rxg3 Rf6 33. Ne4 Rf4 34.
Ng5 Rcf8 35. Nxe6 Rf1+ 36. Kg2 R8f2+ 37. Kh3 Rh1+ 38. Kg4 h5+ 39. Kg5 Kh7 40.
Nf4 Rxb2 41. Nxg6 b4 42. cxb4 Rxb4 43. Nf8+ Kg8 44. Ne6 Rb5+ 45. Kf6+ Kh8 46.
Rf3 Rb6 47. d5 h4 48. Kg6 Rg1+ 49. Kh6 Rd6 50. Rf8+ Rg8 51. Rf5 h3 52. Rh5 Rf8
53. Rxh3 Rf6+ 54. Kg5+ Kg8 55. Kxf6 Rxd5 56. Rg3+ Kh8 57. Kf7 Rd7+ 58. Kf8 Rh7
59. Rg8# 1-0

[Event "Let's Play 786"]
[Site "http://www.queenalice.com/game.php?id=1845743"]
[Date "2024.10.23"]
[Round "-"]
[White "alterego"]
[Black "digger"]
[Result "1-0"]
[WhiteElo "1548"]
[BlackElo "1703"]

1. d4 d5 2. c4 dxc4 3. Nc3 Nf6 4. g3 c6 5. Bg2 e6 6. Nf3 Bb4 7. O-O O-O 8. a3
Ba5 9. b4 Bc7 10. Qc2 g6 11. Bh6 Re8 12. Ne4 Nxe4 13. Qxe4 f6 14. Rad1 Qd6 15.
Bf4 Qd7 16. Nh4 f5 17. Qc2 b5 18. Nf3 Bxf4 19. gxf4 Qc7 20. Ne5 Bb7 21. e4 Nd7
22. Nf3 c5 23. d5 exd5 24. exd5 Bxd5 25. Rxd5 cxb4 26. axb4 a6 27. Rd2 Rad8 28.
Nd4 Nf6 29. Nc6 Rxd2 30. Qxd2 h6 31. Qd4 Kg7 32. Ne5 Re7 33. Nc6 Rd7 34. Qc3
Qxf4 35. Re1 Kf7 36. Ne5+ Kf8 37. Nxd7+ Nxd7 38. Qh8+ Kf7 39. Bd5# 1-0

[Event "Challenge"]
[Site "http://www.queenalice.com/game.php?id=1845806"]
[Date "2024.10.20"]
[Round "-"]
[White "alterego"]
[Black "Mr_SPOCK"]
[Result "0-1"]
[WhiteElo "1556"]
[BlackElo "1760"]

1. d4 d5 2. c4 e5 3. c5 e4 4. e3 c6 5. g3 Nf6 6. Ne2 Bg4 7. Bg2 Be7 8. O-O Nh5
9. Qb3 Qd7 10. Nbc3 Bd8 11. Nf4 Nxf4 12. exf4 O-O 13. Be3 a5 14. f3 exf3 15.
Bxf3 Bh3 16. Bg2 Bf5 17. Na4 b5 18. Nb6 Bxb6 19. cxb6 a4 20. Qb4 Na6 21. Qc3 b4
22. Qd2 Qb7 23. a3 Qxb6 24. Qe2 Nc7 25. Qh5 Bg6 26. Qg5 Ne6 27. Qg4 h5 28. Qe2
f5 29. Bd2 Nxd4 30. Qe5 Rae8 31. Qd6 Nb5+ 0-1